000 00295nam a22001337a 4500
008 170726b xxu||||| |||| 00| 0 eng d
020 _a021898572677
041 _aeng
080 _a004
100 _a30
101 _aSHK
245 _aCREATING A WEB PAGE& BLOG
_cFEDRIES.P.M
942 _2udc
_cBK
999 _c21948
_d21948